[Event "Barcelona Gotic op 1st"]
[Site "Barcelona"]
[Date "2017.04.25"]
[Round "1"]
[White "Bermudez Caamano, Ruben Santiago"]
[Black "Gonzalez Lafita, Oscar"]
[Result "0-1"]
[WhiteElo "1582"]
[BlackElo "1867"]
[PlyCount "62"]
[EventDate "2017.04.25"]
[EventType "swiss"]
[EventRounds "9"]
[EventCountry "ESP"]
[SourceTitle "EXT 2018"]
[Source "ChessBase"]
[SourceDate "2017.10.13"]
[SourceVersion "1"]
[SourceVersionDate "2017.10.13"]
[SourceQuality "1"]

1. e4 d6 2. d4 g6 3. Nf3 Nf6 4. Bd3 Bg7 5. Bg5 0-0 6. Nbd2 Nbd7 7. c3 h6 8. Bh4 c6 9. 0-0 Qc7 10. Rc1 e5 11. h3 Nh5 12. d5 Nf4 13. Bc2 cxd5 14. exd5 Nxd5 15. Ne4 N7b6 16. Bb3 Be6 17. c4 Nf4 18. Kh2 g5 19. c5 Bxb3 20. Qxb3 dxc5 21. Rxc5 Qd7 22. Rd1 Qf5 23. Nd6 Qe6 24. Qe3 Nbd5 25. Rdxd5 Nxd5 26. Qb3 Qxd6 27. Rxd5 Qe6 28. Bg3 Rad8 29. Rxd8 Rxd8 30. Qxb7 f5 31. Qc7 Rc8 0-1

[Event "Barcelona Primavera La Lira op 8th"]
[Site "Barcelona"]
[Date "2015.06.04"]
[Round "9"]
[White "Torras Lemos, Marc"]
[Black "Bermudez Caamano, Ruben Santiago"]
[Result "1-0"]
[WhiteElo "1561"]
[BlackElo "1700"]
[PlyCount "44"]
[EventDate "2015.04.09"]
[EventType "swiss"]
[EventRounds "9"]
[EventCountry "ESP"]
[SourceTitle "CBM 166 Extra"]
[Source "ChessBase"]
[SourceDate "2015.06.18"]
[SourceVersion "1"]
[SourceVersionDate "2015.06.18"]
[SourceQuality "1"]

1. d4 d5 2. c4 dxc4 3. Nc3 c6 4. a4 Nf6 5. e3 Be6 6. Nf3 Bd5 7. Ng5 e6 8. e4 h6 9. exd5 cxd5 10. Nf3 Bb4 11. Be2 Nc6 12. 0-0 Qc7 13. Nb5 Qb8 14. g3 g5 15. b3 a6 16. Na3 c3 17. Nc2 a5 18. Nxb4 axb4 19. Bb5 0-0 20. Ne5 Nxe5 21. dxe5 Qxe5 22. f4 Qc7 1-0